[Event "45th Olympiad 2024"]
[Site "Budapest HUN"]
[Date "2024.09.18"]
[Round "7.42"]
[White "Anas, Khwaira"]
[Black "Sezdbekov, Ruslan"]
[Result "0-1"]
[WhiteElo "1994"]
[BlackElo "2251"]
[TimeControl "40/5400+30:1800+30\""]
[EventDate "2024.09.11"]
[Board "4"]
[WhiteFideId "8117683"]
[BlackFideId "13801856"]
[WhiteTeam "Jordan"]
[BlackTeam "Kyrgyzstan"]

1. d4 Nf6 2. c4 e6 3. Nc3 d5 4. cxd5 exd5 5. Bg5 Be7 6. e3 O-O 7. Bd3 Nbd7
8. Nge2 Re8 9. Qc2 Nf8 10. O-O h6 11. Bh4 Ne6 12. f3 c5 13. dxc5 Nxc5 14.
Bb5 Rf8 15. Nd4 Be6 16. Rad1 Rc8 17. a3 a6 18. Bd3 Nxd3 19. Rxd3 Nd7 20.
Bf2 Qa5 21. Bg3 Qb6 22. Rfd1 Bf6 23. Qf2 Nc5 24. R3d2 Nb3 25. Na4 Qa5 26.
Nxb3 Qxa4 27. Nd4 Rfd8 28. Bh4 g5 29. Bg3 Rc5 30. h3 Rdc8 31. Qf1 Qe8 32.
Qd3 Bd7 33. Nf5 Bxf5 34. Qxf5 Kg7 35. Qd3 Qe6 36. Bf2 Rb5 37. Qe2 Rc4 38.
b4 a5 39. bxa5 Rxa5 40. Rd3 Rb5 41. Be1 Rb2 42. R3d2 Rxd2 43. Qxd2 d4 44.
Bf2 dxe3 45. Bxe3 Rc3 46. Bd4 Rxa3 47. Qb2 Qe3+ 48. Bxe3 Bxb2 49. Kf2 Be5
50. Rd5 Ra2+ 51. Kf1 Kf6 52. Rb5 Rb2 53. Rc5 Ke6 54. h4 gxh4 55. Bxh6 Rb1+
56. Rc1 Rb2 57. Re1 Kd5 58. Rd1+ Kc6 59. Rc1+ Kb5 60. Be3 b6 61. Rc8 Rb4
62. Bf2 Bd6 63. Rh8 Rb1+ 64. Ke2 Rb2+ 65. Kf1 Bg3 66. Bxg3 hxg3 67. Rg8 Kc4
68. Rxg3 b5 69. Rg7 f5 70. Rf7 b4 71. g4 b3 72. Rc7+ Kd4 73. Rb7 f4 74. g5
Ke3 75. g6 Kxf3 76. Re7 Rb1+ 0-1

[Event "45th Olympiad 2024"]
[Site "Budapest HUN"]
[Date "2024.09.18"]
[Round "7.43"]
[White "Al-Ali, Hussein Ali Hussein"]
[Black "Saraci, Nderim"]
[Result "0-1"]
[WhiteElo "2122"]
[BlackElo "2446"]
[TimeControl "40/5400+30:1800+30\""]
[EventDate "2024.09.11"]
[Board "1"]
[WhiteFideId "4800192"]
[BlackFideId "6351921"]
[WhiteTeam "Iraq"]
[BlackTeam "Kosovo *"]

1. e4 d5 2. exd5 Qxd5 3. Nc3 Qd6 4. d4 Nf6 5. Nf3 c6 6. Ne5 Nbd7 7. Nc4 Qc7
8. g3 Nb6 9. Bf4 Qd8 10. Ne3 g6 11. Bg2 Nh5 12. Bg5 h6 13. Bh4 Nf6 14. Bxf6
exf6 15. d5 cxd5 16. Nexd5 Nxd5 17. Qxd5 Be7 18. O-O-O Qxd5 19. Nxd5 Bd8
20. Rhe1+ Kf8 21. Kb1 Kg7 22. c4 Rb8 23. c5 h5 24. h4 g5 25. Ne3 Be6 26.
Bd5 Ba5 27. Re2 Rhd8 28. a3 gxh4 29. gxh4 f5 30. b4 Bc7 31. Bxe6 fxe6 32.
Rxd8 Rxd8 33. Nxf5+ Kf6 34. Ne3 Rd4 35. Ng2 Rg4 36. f3 Rg3 37. Ne1 Rh3 38.
Kc2 Rxh4 39. Kd3 Rh1 40. Ke4 Bg3 41. Nc2 h4 42. b5 h3 43. Ne3 Rb1 44. f4
Kg7 45. Ng4 Rf1 46. Nh2 Rxf4+ 47. Ke3 Rc4 48. Kf3 Bxh2 49. Rxh2 Rxc5 50. a4
Rc4 51. Kg3 Rxa4 52. Rc2 Ra3+ 53. Kh2 b6 54. Rf2 Kg6 55. Rf8 Kg5 56. Rf1 e5
57. Rf8 Kg4 58. Rg8+ Kf4 59. Rf8+ Ke4 60. Rf7 Kd4 0-1

[Event "45th Olympiad 2024"]
[Site "Budapest HUN"]
[Date "2024.09.18"]
[Round "7.43"]
[White "Ondozi, Murtez"]
[Black "Mohammed, Zozek Salah Mohammed"]
[Result "0-1"]
[WhiteElo "2371"]
[BlackElo "2180"]
[TimeControl "40/5400+30:1800+30\""]
[EventDate "2024.09.11"]
[Board "2"]
[WhiteFideId "937576"]
[BlackFideId "4803361"]
[WhiteTeam "Kosovo *"]
[BlackTeam "Iraq"]

1. d4 d5 2. Nf3 Nf6 3. c4 e6 4. Nc3 Be7 5. Bg5 h6 6. Bh4 O-O 7. e3 b6 8.
Bd3 Bb7 9. O-O Nbd7 10. cxd5 exd5 11. Bxf6 Nxf6 12. Ne5 c5 13. Qf3 Bd6 14.
Qh3 Bxe5 15. dxe5 Ne4 16. Nxe4 dxe4 17. Bc4 Qe7 18. Qf5 Rad8 19. Rfd1 Bc6
20. Qf4 b5 21. Bb3 c4 22. Bc2 Rxd1+ 23. Rxd1 Rd8 24. Rxd8+ Qxd8 25. h4 Qd5
26. a3 a5 27. e6 Qxe6 28. Qb8+ Kh7 29. Qd8 Qf6 30. Qxf6 gxf6 31. Kh2 Kg6
32. Kg3 Kf5 33. f3 b4 34. axb4 axb4 35. b3 cxb3 36. Bxb3 exf3 37. gxf3 Ke5
38. Bc2 f5 39. Kf2 f4 40. Ke2 Bb5+ 41. Kd2 f5 42. e4 fxe4 43. Bxe4 Kd4 44.
Kc2 Bc4 45. Kb2 Bd5 46. Bxd5 Kxd5 47. Kb3 Kd4 0-1

[Event "45th Olympiad 2024"]
[Site "Budapest HUN"]
[Date "2024.09.18"]
[Round "7.43"]
[White "Salih, Akar Ali Salih"]
[Black "Uruci, Endrit"]
[Result "0-1"]
[WhiteElo "2174"]
[BlackElo "2348"]
[TimeControl "40/5400+30:1800+30\""]
[EventDate "2024.09.11"]
[Board "3"]
[WhiteFideId "4800575"]
[BlackFideId "22100199"]
[WhiteTeam "Iraq"]
[BlackTeam "Kosovo *"]

1. e4 c6 2. d4 d5 3. e5 c5 4. dxc5 e6 5. a3 Nc6 6. Nf3 Bxc5 7. b4 Bb6 8.
Bb2 f6 9. Nbd2 fxe5 10. Nxe5 Nf6 11. Bd3 Qd6 12. Ndf3 O-O 13. Nc4 Bxf2+ 14.
Kxf2 dxc4 15. Bxc4 Qf4 16. Qe2 Ng4+ 17. Ke1 Ne3 18. Bb3 b6 19. Rg1 Bb7 20.
Bc1 Qf6 21. Rb1 Nd5 22. Bb2 Qh6 23. g3 Nce7 24. Bc1 Qf6 25. Ng5 Nc3 26.
Qxe6+ Kh8 27. Qxf6 gxf6 28. Nf7+ Rxf7 29. Bxf7 Nxb1 30. Bb2 Nd5 31. Bxd5
Bxd5 32. Ke2 Ba2 33. Bxf6+ Kg8 34. Kd3 Rf8 35. Bg5 Rf3+ 36. Be3 Nxa3 37.
Ke2 Rf7 0-1

[Event "45th Olympiad 2024"]
[Site "Budapest HUN"]
[Date "2024.09.18"]
[Round "7.43"]
[White "Asllani, Muhamet"]
[Black "Alothman, Ali Layth Ahmed"]
[Result "0-1"]
[WhiteElo "2191"]
[BlackElo "2161"]
[TimeControl "40/5400+30:1800+30\""]
[EventDate "2024.09.11"]
[Board "4"]
[WhiteFideId "22100300"]
[BlackFideId "4801920"]
[WhiteTeam "Kosovo *"]
[BlackTeam "Iraq"]

1. d4 Nf6 2. Nf3 e6 3. c4 d5 4. Nc3 h6 5. Bf4 Bd6 6. Ne5 O-O 7. e3 c5 8. g4
cxd4 9. exd4 Nc6 10. g5 hxg5 11. Nxc6 bxc6 12. Bxg5 e5 13. cxd5 exd4 14.
Qxd4 Re8+ 15. Be2 Be5 16. Qd3 Rb8 17. O-O Rxb2 18. Bf3 Qd6 19. h4 cxd5 20.
Nxd5 Nxd5 21. Qxd5 Qb8 22. Rfe1 Bb7 23. Qd3 Bh2+ 24. Kf1 Rxf2+ 0-1

[Event "45th Olympiad 2024"]
[Site "Budapest HUN"]
[Date "2024.09.18"]
[Round "7.44"]
[White "Atabayev, Saparmyrat"]
[Black "Christie, Joshua"]
[Result "1/2-1/2"]
[WhiteElo "2516"]
[BlackElo "2271"]
[TimeControl "40/5400+30:1800+30\""]
[EventDate "2024.09.11"]
[Board "1"]
[WhiteFideId "14000571"]
[BlackFideId "7402074"]
[WhiteTeam "Turkmenistan"]
[BlackTeam "Jamaica"]

1. d4 Nf6 2. c4 e6 3. g3 Bb4+ 4. Bd2 Qe7 5. Bg2 O-O 6. Nf3 Bxd2+ 7. Qxd2 d6
8. Nc3 Re8 9. O-O e5 10. Rac1 Nc6 11. d5 Nb8 12. e4 a5 13. Ne1 Na6 14. Nd3
Nd7 15. f4 Nac5 16. Nf2 Nf6 17. f5 h6 18. h4 Bd7 19. Bf3 Bxf5 20. exf5 e4
21. Rce1 e3 22. Qd4 exf2+ 23. Kxf2 Qd7 24. g4 Rxe1 25. Rxe1 Re8 26. Rxe8+
Nxe8 27. Qe3 Kf8 28. b3 h5 29. Kg3 hxg4 30. Bxg4 Nf6 31. h5 Qd8 32. h6 gxh6
33. Qxh6+ Ke7 34. Qg7 Nce4+ 35. Nxe4 Nxe4+ 36. Kf4 Nf6 37. Bf3 Qg8 38. Qxg8
1/2-1/2

[Event "45th Olympiad 2024"]
[Site "Budapest HUN"]
[Date "2024.09.18"]
[Round "7.44"]
[White "Smith, Shreyas"]
[Black "Annaberdiyev, Meylis"]
[Result "0-1"]
[WhiteElo "2226"]
[BlackElo "2431"]
[TimeControl "40/5400+30:1800+30\""]
[EventDate "2024.09.11"]
[Board "2"]
[WhiteFideId "7400713"]
[BlackFideId "14000563"]
[WhiteTeam "Jamaica"]
[BlackTeam "Turkmenistan"]

1. e4 c5 2. c3 d5 3. exd5 Qxd5 4. d4 Nc6 5. Nf3 Bf5 6. Nbd2 Qe6+ 7. Qe2
Qxe2+ 8. Bxe2 cxd4 9. Nxd4 Nxd4 10. cxd4 Nf6 11. Bb5+ Bd7 12. Bxd7+ Kxd7
13. Nc4 e6 14. Ne5+ Ke8 15. Ke2 Bd6 16. Bd2 Nd5 17. Nc4 Kd7 18. Nxd6 Kxd6
19. Rac1 Rac8 20. Rxc8 Rxc8 21. Rc1 Rxc1 22. Bxc1 Ne7 23. Kd3 Kd5 24. Bd2
Nf5 25. Bc3 h5 26. g3 g5 27. b3 g4 28. Bb2 b5 29. Bc3 a6 30. a4 f6 31. axb5
axb5 32. b4 h4 33. gxh4 Nxh4 34. Ke3 Ng2+ 35. Kd2 Ke4 36. d5 exd5 37. Bxf6
d4 38. Bg5 d3 39. Kd1 Kf5 40. Bd8 Nf4 41. Kd2 Ke4 42. Bb6 Nh3 43. Ba7 Ng5
44. Kc3 Nf3 45. Bb8 Ng1 46. Ba7 Ne2+ 47. Kd2 Nd4 48. Kc3 Nc6 49. Bc5 Ne5
50. Bf8 Nc4 51. Bh6 Nb6 52. Bf8 Nd5+ 53. Kd2 Kd4 54. Bd6 Kc4 55. Bf8 Nxb4
56. f3 gxf3 57. Ke3 Nd5+ 58. Kxf3 Kc3 59. h4 d2 60. Ke2 Kc2 0-1

[Event "45th Olympiad 2024"]
[Site "Budapest HUN"]
[Date "2024.09.18"]
[Round "7.44"]
[White "Hommadov, Amanmuhammet"]
[Black "Glaves, Raheem"]
[Result "1-0"]
[WhiteElo "2181"]
[BlackElo "2094"]
[TimeControl "40/5400+30:1800+30\""]
[EventDate "2024.09.11"]
[Board "3"]
[WhiteFideId "14005514"]
[BlackFideId "7402724"]
[WhiteTeam "Turkmenistan"]
[BlackTeam "Jamaica"]

1. e4 d6 2. d4 Nf6 3. Nc3 g6 4. Nf3 Bg7 5. h3 c6 6. a4 Qc7 7. Be3 O-O 8.
Be2 Nbd7 9. O-O e5 10. dxe5 dxe5 11. Bc4 Nh5 12. a5 Ndf6 13. Qb1 h6 14. Qa2
g5 15. Bc5 Nf4 16. Rfd1 Bxh3 17. gxh3 Qc8 18. Bf1 Nxh3+ 19. Bxh3 Qxh3 20.
Bxf8 Nh5 21. Rd3 Nf4 22. Ne1 Nxd3 23. cxd3 Bxf8 24. Qc4 Rd8 25. a6 b6 26.
Qxc6 Bc5 27. Qf6 g4 28. Qxd8+ Kg7 29. Ng2 g3 30. Qh4 gxf2+ 31. Kf1 Qxd3+
32. Ne2 Qd2 33. Qg3+ Kf6 34. Qc3 Qxc3 35. Nxc3 Kg5 36. Nb5 f5 37. exf5 Kxf5
38. Nxa7 Ke4 39. Nb5 Kf3 40. a7 e4 41. a8=Q 1-0

[Event "45th Olympiad 2024"]
[Site "Budapest HUN"]
[Date "2024.09.18"]
[Round "7.44"]
[White "Shaw, Jaden"]
[Black "Halynyazov, Vepaly"]
[Result "1/2-1/2"]
[WhiteElo "2051"]
[BlackElo "2049"]
[TimeControl "40/5400+30:1800+30\""]
[EventDate "2024.09.11"]
[Board "4"]
[WhiteFideId "7402880"]
[BlackFideId "14004020"]
[WhiteTeam "Jamaica"]
[BlackTeam "Turkmenistan"]

1. e4 e6 2. d4 d5 3. Nd2 c5 4. exd5 Qxd5 5. Ngf3 cxd4 6. Bc4 Qd6 7. O-O Nf6
8. Nb3 Nc6 9. Nbxd4 Nxd4 10. Nxd4 a6 11. Re1 Qc7 12. Qe2 Bd6 13. Bg5 O-O
14. Bxf6 gxf6 15. Bd3 Kh8 16. Bxh7 Bxh2+ 17. Kf1 Bf4 18. Bd3 Kg7 19. g3 e5
20. Nf5+ Bxf5 21. Bxf5 Bg5 22. Kg2 Rh8 23. Rad1 Qc6+ 24. Qe4 Qb6 25. Re2
Rad8 26. Rxd8 Rxd8 27. c3 Qb5 28. Qg4 Rh8 29. Qf3 Qa4 30. b3 Qa3 31. Rc2
Qd6 32. Qd3 Qc6+ 33. Be4 Qc7 34. Bf5 a5 35. Qd7 Qxd7 36. Bxd7 Kf8 37. Bf5
Ke7 38. Be4 b6 39. a4 Ke6 40. g4 Rd8 41. b4 axb4 42. cxb4 Rd4 43. Bf5+ Kd5
44. Rb2 Kc6 45. Kf3 Bd2 46. Rc2+ Kd6 47. Be4 Kd7 48. a5 bxa5 49. bxa5 Bxa5
50. Rc5 1/2-1/2

[Event "45th Olympiad 2024"]
[Site "Budapest HUN"]
[Date "2024.09.18"]
[Round "7.45"]
[White "Espinoza Solano, Jose Nahum"]
[Black "Zambrana, Osvaldo"]
[Result "1/2-1/2"]
[WhiteElo "2156"]
[BlackElo "2405"]
[TimeControl "40/5400+30:1800+30\""]
[EventDate "2024.09.11"]
[Board "1"]
[WhiteFideId "6104428"]
[BlackFideId "3300200"]
[WhiteTeam "Nicaragua"]
[BlackTeam "Bolivia"]

1. e4 c5 2. Nf3 Nc6 3. d4 cxd4 4. Nxd4 Nf6 5. Nc3 e5 6. Ndb5 d6 7. Bg5 a6
8. Na3 b5 9. Bxf6 gxf6 10. Nd5 f5 11. exf5 Bxf5 12. c3 Bg7 13. Nc2 Be6 14.
Nce3 O-O 15. g3 f5 16. Bg2 Kh8 17. O-O Rb8 18. f4 e4 19. Qd2 Ne7 20. Rfd1
Nxd5 21. Nxd5 a5 22. a3 Qc8 23. Kh1 Qc5 24. Rac1 Rbe8 25. Bf1 Bg8 26. Ne3
Bb3 27. Re1 Rb8 28. Bh3 Be6 29. Rcd1 d5 30. Nc2 b4 31. axb4 axb4 32. cxb4
Qb6 33. Nd4 Qxd4 34. Qxd4 Bxd4 35. Rxd4 Rfc8 36. Bf1 Rc2 37. Re2 Rbc8 38.
b5 Rxe2 39. Bxe2 Rc2 40. b4 Rxe2 41. b6 Bc8 42. Rxd5 Rc2 43. Rd8+ Kg7 44.
b7 Bxb7 45. Rd7+ Kf6 46. Rxb7 e3 47. Rb6+ Kf7 48. Rb7+ Kf6 49. Rb6+ Kf7 50.
Rb7+ 1/2-1/2

[Event "45th Olympiad 2024"]
[Site "Budapest HUN"]
[Date "2024.09.18"]
[Round "7.45"]
[White "Ticona Rocabado, Licael Roderick"]
[Black "Rocha, Maximiliano"]
[Result "1-0"]
[WhiteElo "2321"]
[BlackElo "2156"]
[TimeControl "40/5400+30:1800+30\""]
[EventDate "2024.09.11"]
[Board "2"]
[WhiteFideId "3319113"]
[BlackFideId "6100775"]
[WhiteTeam "Bolivia"]
[BlackTeam "Nicaragua"]

1. d4 Nf6 2. c4 e6 3. Nf3 d5 4. g3 c6 5. Nbd2 Nbd7 6. Bg2 Bd6 7. O-O O-O 8.
Qc2 Qe7 9. e4 dxe4 10. Nxe4 Nxe4 11. Qxe4 e5 12. dxe5 Nxe5 13. Ng5 Ng6 14.
Qf3 h6 15. Ne4 Be5 16. Qh5 Qe6 17. Be3 Qxc4 18. f4 Bd4 19. Bxd4 Qxd4+ 20.
Kh1 Ne7 21. f5 Bxf5 22. Qe2 Bxe4 23. Bxe4 Nd5 24. Rad1 Qe3 25. Qg4 Rad8 26.
Rde1 Nf6 27. Bh7+ Kh8 28. Qh3 Qg5 29. Bf5 Rd2 30. g4 Rxb2 31. Qa3 Rxh2+ 32.
Kxh2 Rd8 33. Qe7 Rd2+ 34. Kg1 g6 35. Qf8+ 1-0

[Event "45th Olympiad 2024"]
[Site "Budapest HUN"]
[Date "2024.09.18"]
[Round "7.45"]
[White "Sanchez, Steven"]
[Black "Pinto, Daniel"]
[Result "0-1"]
[WhiteElo "2072"]
[BlackElo "2273"]
[TimeControl "40/5400+30:1800+30\""]
[EventDate "2024.09.11"]
[Board "3"]
[WhiteFideId "6102352"]
[BlackFideId "3303144"]
[WhiteTeam "Nicaragua"]
[BlackTeam "Bolivia"]

1. Nf3 c5 2. e4 Nc6 3. Bb5 g6 4. O-O Bg7 5. Re1 Nf6 6. e5 Nd5 7. Nc3 Nc7 8.
Bxc6 dxc6 9. Ne4 b6 10. d3 h6 11. h3 O-O 12. Bd2 a5 13. Qc1 Kh7 14. Ng3 Ne6
15. Re4 Rh8 16. Rh4 Qf8 17. Re4 f5 18. exf6 exf6 19. Qe1 Qf7 20. Bc3 Bd7
21. Rd1 Rhe8 22. Re3 Nf4 23. Ne4 Qf8 24. d4 c4 25. Bd2 Re6 26. Nc3 Rae8 27.
Qf1 Nd5 28. Nxd5 cxd5 29. Rde1 Re4 30. Bc3 Rxe3 31. Rxe3 Rxe3 32. fxe3 Qe8
33. Qc1 h5 34. Bd2 Qe4 35. b3 Bxh3 36. bxc4 dxc4 37. Kf2 Bf5 38. Ne1 Bf8
39. Qb2 Qc6 40. d5 Qxd5 41. Bc3 Bc5 0-1

[Event "45th Olympiad 2024"]
[Site "Budapest HUN"]
[Date "2024.09.18"]
[Round "7.45"]
[White "Montevilla Cahuasa, Jonathan I."]
[Black "Ortiz, Marcos"]
[Result "1/2-1/2"]
[WhiteElo "2064"]
[BlackElo "2191"]
[TimeControl "40/5400+30:1800+30\""]
[EventDate "2024.09.11"]
[Board "4"]
[WhiteFideId "3322220"]
[BlackFideId "6100678"]
[WhiteTeam "Bolivia"]
[BlackTeam "Nicaragua"]

1. e4 e6 2. d4 d5 3. Nc3 Nf6 4. Bg5 Bb4 5. e5 h6 6. exf6 hxg5 7. fxg7 Rg8
8. Bd3 Qf6 9. Nf3 c5 10. Be2 Nc6 11. Bb5 cxd4 12. Qxd4 Qxd4 13. Nxd4 Bd7
14. O-O-O Nxd4 15. Rxd4 Bc5 16. Bxd7+ Kxd7 17. Rd3 Rxg7 18. f3 Rh8 19. Kd2
Bd6 20. h3 g4 21. fxg4 Rxg4 22. Rg1 Bh2 23. hxg4 Bxg1 24. Ne2 Bc5 25. c4
Kc6 26. cxd5+ exd5 27. Rf3 Rh7 28. Rf6+ Kd7 29. Rf5 Rg7 30. Rxd5+ Kc6 31.
Rf5 Rxg4 32. Rf6+ Bd6 33. Rxf7 Rxg2 1/2-1/2

[Event "45th Olympiad 2024"]
[Site "Budapest HUN"]
[Date "2024.09.18"]
[Round "7.46"]
[White "Al Hosani, Omran"]
[Black "Juarez Flores, Carlos A."]
[Result "1/2-1/2"]
[WhiteElo "2241"]
[BlackElo "2308"]
[TimeControl "40/5400+30:1800+30\""]
[EventDate "2024.09.11"]
[Board "1"]
[WhiteFideId "9308733"]
[BlackFideId "7300018"]
[WhiteTeam "United Arab Emirates"]
[BlackTeam "Guatemala"]

1. d4 d5 2. c4 e6 3. Nf3 a6 4. cxd5 exd5 5. Nc3 Be7 6. Bf4 Nf6 7. e3 O-O 8.
Bd3 c5 9. O-O c4 10. Be2 Bf5 11. Ne5 b5 12. a3 Ne4 13. Bg4 Nxc3 14. bxc3
Qc8 15. Bxf5 Qxf5 16. Qb1 Qxb1 17. Rfxb1 f6 18. Nf3 Nc6 19. Nd2 f5 20. f3
g5 21. Bg3 f4 22. Be1 fxe3 23. Nf1 Bf6 24. Nxe3 Nxd4 25. Nxd5 Nb3 26. Ra2
Rad8 27. Nxf6+ Rxf6 28. a4 Rfd6 29. axb5 axb5 30. Kf1 Rd1 31. Rxd1 Rxd1 32.
Ra8+ Kf7 33. Ke2 Rb1 34. Rb8 Nc1+ 35. Ke3 Na2 36. Rb7+ Ke6 37. Bd2 b4 38.
cxb4 c3 39. Rxh7 cxd2 40. Kxd2 Rb2+ 41. Ke3 Rxb4 42. g3 Rb3+ 43. Kf2 Rb2+
44. Ke3 Nb4 45. h4 Nd5+ 46. Kd3 Rg2 47. Rh6+ Ke5 48. Rh5 Rxg3 49. Rxg5+
Rxg5 50. hxg5 Kf5 51. g6 Nf4+ 52. Ke3 Nxg6 53. f4 Nxf4 1/2-1/2

[Event "45th Olympiad 2024"]
[Site "Budapest HUN"]
[Date "2024.09.18"]
[Round "7.46"]
[White "Galvez Dastin, Eduardo"]
[Black "Ammar, Sedrani"]
[Result "0-1"]
[WhiteElo "2100"]
[BlackElo "2226"]
[TimeControl "40/5400+30:1800+30\""]
[EventDate "2024.09.11"]
[Board "2"]
[WhiteFideId "7300310"]
[BlackFideId "9312331"]
[WhiteTeam "Guatemala"]
[BlackTeam "United Arab Emirates"]

1. d4 d5 2. c4 e6 3. cxd5 exd5 4. Nc3 c6 5. Bf4 Nf6 6. e3 Bd6 7. Bxd6 Qxd6
8. Qb3 O-O 9. Bd3 Nbd7 10. Nf3 Re8 11. Qc2 Nf8 12. h3 Ne6 13. O-O g6 14.
Rfb1 a5 15. a3 Ng7 16. Rd1 Bf5 17. Rab1 Bxd3 18. Rxd3 Nf5 19. b4 axb4 20.
axb4 b5 21. Ne5 Ra6 22. Ne2 Nd7 23. Nxd7 Qxd7 24. Rdd1 Rea8 25. Qc3 Nd6 26.
Ra1 Ra2 27. Rxa2 Rxa2 28. Ng3 Nc4 29. Ra1 Qa7 30. Rxa2 Qxa2 31. Qe1 Qb2 32.
Ne2 Kg7 33. Nf4 Nd2 34. Nd3 Qc3 35. Qe2 Nc4 36. g3 Na3 37. Ne5 f6 38. Nd7
Qxb4 39. Qg4 Qb1+ 40. Kg2 Qe4+ 41. Qxe4 dxe4 42. Nc5 f5 43. g4 Nc4 44. gxf5
gxf5 45. Kg3 Nb2 46. Kf4 Kg6 47. Ke5 Nd3+ 48. Kd6 b4 49. Nb3 Nxf2 50. Kxc6
f4 51. d5 fxe3 52. d6 Nd3 53. Nc1 Ne5+ 54. Kd5 Kf6 55. Kd4 b3 56. Kc3 Nd3
57. Ne2 b2 58. Kc2 Ke6 59. Nc3 h6 60. Kb1 Kxd6 61. Nxe4+ Ke5 62. Nc3 Nf4
0-1

[Event "45th Olympiad 2024"]
[Site "Budapest HUN"]
[Date "2024.09.18"]
[Round "7.46"]
[White "Ahmed, Fareed"]
[Black "Aragon Trujillo, Ricardo M."]
[Result "1-0"]
[WhiteElo "2061"]
[BlackElo "2057"]
[TimeControl "40/5400+30:1800+30\""]
[EventDate "2024.09.11"]
[Board "3"]
[WhiteFideId "9303677"]
[BlackFideId "7303033"]
[WhiteTeam "United Arab Emirates"]
[BlackTeam "Guatemala"]

1. e4 c5 2. Nf3 d6 3. c3 Nf6 4. Be2 g6 5. O-O Bg7 6. Re1 O-O 7. Bf1 Nc6 8.
h3 e5 9. d3 d5 10. Nbd2 Re8 11. a3 a5 12. a4 b6 13. exd5 Nxd5 14. Nc4 h6
15. g3 Ba6 16. Qb3 Rb8 17. Bg2 Nc7 18. Nfd2 Re6 19. Be4 Ne7 20. Qc2 Qd7 21.
Bg2 Rd8 22. Bf1 Bb7 23. b3 Qc6 24. f3 f5 25. Be2 g5 26. g4 Ncd5 27. gxf5
Nxf5 28. Ne4 Rf8 29. Rf1 Nh4 30. Bd1 Nf4 31. Bxf4 gxf4 32. Ra2 Rg6+ 33. Kh2
Qe6 34. Qf2 Rg2+ 35. Qxg2 Nxg2 36. Rxg2 Bc8 37. Rg4 h5 38. Rh4 Rd8 39. Be2
Qf7 40. Rg1 Bf5 41. Ncd6 Qe6 42. Nxf5 Qxf5 43. Rxh5 Qf8 44. Rhg5 Rd7 45.
Rg6 Kh7 46. h4 Qf5 47. R6g5 Qe6 48. Rh5+ Kg8 49. d4 Kf8 50. Bc4 1-0

[Event "45th Olympiad 2024"]
[Site "Budapest HUN"]
[Date "2024.09.18"]
[Round "7.46"]
[White "Garcia Fuentes, Sergio Miguel"]
[Black "Sultan, Ibrahim"]
[Result "0-1"]
[WhiteElo "2114"]
[BlackElo "2206"]
[TimeControl "40/5400+30:1800+30\""]
[EventDate "2024.09.11"]
[Board "4"]
[WhiteFideId "7300549"]
[BlackFideId "9301143"]
[WhiteTeam "Guatemala"]
[BlackTeam "United Arab Emirates"]

1. d4 d5 2. Bg5 h6 3. Bh4 c5 4. Nf3 cxd4 5. Nxd4 Nc6 6. e3 g5 7. Bg3 Bg7 8.
Nb5 Bxb2 9. Nc7+ Kf8 10. Nd2 Bg4 11. f3 Rc8 12. fxg4 Rxc7 13. Bxc7 Qxc7 14.
Rb1 Bc3 15. Bd3 Nf6 16. Qe2 Ne5 17. Kd1 Nfxg4 18. h3 Nf6 19. Rf1 Kg7 20.
Nf3 Ne4 21. Nxe5 Bxe5 22. Bxe4 dxe4 23. Rb3 Qa5 24. a3 Rc8 25. Kc1 a6 26.
Qh5 Qd5 27. Kb1 Rc3 28. Qd1 Qe6 29. Rf2 Rxe3 30. Re2 Rxb3+ 31. cxb3 Bf6 32.
Ka2 Qe5 33. Qe1 e3 34. Qc1 Qd5 35. g4 Bd4 36. Rxe3 Bxe3 37. Qxe3 e6 38. a4
Kg6 39. Kb2 h5 40. gxh5+ Kxh5 41. Qe2+ Kh6 42. Ka2 e5 43. Qf2 Qe6 44. h4 e4
45. Qe3 f6 46. hxg5+ fxg5 47. Kb1 Kh5 48. Kc2 Qe5 49. Qh3+ Kg6 50. Qc8 e3
51. Kd1 Qd5+ 52. Ke2 Qd2+ 53. Kf3 Qf2+ 54. Ke4 Qf4+ 55. Kd3 Qf5+ 0-1

[Event "45th Olympiad 2024"]
[Site "Budapest HUN"]
[Date "2024.09.18"]
[Round "7.47"]
[White "Pace, Colin"]
[Black "Xie, Felix"]
[Result "0-1"]
[WhiteElo "2186"]
[BlackElo "2320"]
[TimeControl "40/5400+30:1800+30\""]
[EventDate "2024.09.11"]
[Board "1"]
[WhiteFideId "5600189"]
[BlackFideId "4308174"]
[WhiteTeam "Malta"]
[BlackTeam "New Zealand"]

1. e4 c5 2. Nf3 e6 3. d4 cxd4 4. Nxd4 Nf6 5. Nc3 Nc6 6. Nxc6 bxc6 7. e5 Nd5
8. Ne4 Bb7 9. c4 Nb4 10. c5 Qb8 11. f4 Ba6 12. a3 Bxf1 13. Rxf1 Nd5 14. Rf3
Be7 15. Qc2 f6 16. exf6 gxf6 17. Bd2 f5 18. Nc3 Rg8 19. g3 Qb7 20. Nxd5
cxd5 21. b4 d4 22. Kf2 h5 23. Re1 Kf7 24. Rd3 h4 25. c6 dxc6 26. Qc4 Rg6
27. g4 c5 28. Rxe6 Rxe6 29. gxf5 Qe4 30. Qxe6+ Qxe6 31. fxe6+ Kxe6 32. bxc5
Kd5 33. Rb3 Bxc5 34. Rb7 Ke4 35. Bb4 Bb6 36. Re7+ Kxf4 37. Bd2+ Kf5 38. Kf3
Rc8 39. Rh7 Rc2 40. Ke2 Kg4 41. Kd1 Ra2 42. h3+ Kxh3 43. Be1 Ra1+ 44. Ke2
d3+ 45. Kf1 Bd8 46. Rd7 d2 47. Rxd2 Rxe1+ 0-1

[Event "45th Olympiad 2024"]
[Site "Budapest HUN"]
[Date "2024.09.18"]
[Round "7.47"]
[White "Renjith, Sravan"]
[Black "Novak, Attila Robert"]
[Result "1-0"]
[WhiteElo "2325"]
[BlackElo "2135"]
[TimeControl "40/5400+30:1800+30\""]
[EventDate "2024.09.11"]
[Board "2"]
[WhiteFideId "4306783"]
[BlackFideId "727067"]
[WhiteTeam "New Zealand"]
[BlackTeam "Malta"]

1. Nf3 d5 2. c4 dxc4 3. Qa4+ c6 4. Qxc4 Nf6 5. d4 Bf5 6. g3 h6 7. Bg2 e6 8.
O-O Nbd7 9. Bf4 Qb6 10. Qc1 Be7 11. Nc3 O-O 12. Re1 Ne4 13. Nh4 Bxh4 14.
Nxe4 Be7 15. Nc3 Rac8 16. e4 Bh7 17. Be3 Qa5 18. Qd2 Qh5 19. d5 Rfd8 20.
Qd1 Qxd1 21. Raxd1 Nb6 22. Bh3 f5 23. Bxb6 axb6 24. exf5 cxd5 25. f6 Bxf6
26. Bxe6+ Kf8 27. Bxc8 Rxc8 28. Nxd5 Bxb2 29. Nxb6 Rc7 30. Rd8+ Kf7 31. Nd5
Rc2 32. Rd7+ Kg6 33. Nf4+ Kg5 34. Rxb7 Bf5 35. Re2 Rc1+ 36. Kg2 Bd4 37. Rf7
Rc3 38. f3 1-0